|
|
|
|
| LEADER |
02121nam a2200517 a 4500 |
| 001 |
nkc20122416931 |
| 003 |
CZ PrNK |
| 005 |
20140603161007.0 |
| 007 |
ta |
| 008 |
130305s2012 xr a e 100 0 cze |
| 015 |
|
|
|a cnb002416931
|
| 020 |
|
|
|a 978-80-87262-19-1
|q (brož.)
|
| 035 |
|
|
|a (OCoLC)837501849
|
| 040 |
|
|
|a ABA001
|b cze
|
| 072 |
|
7 |
|a 63
|x Zemědělství a příbuzné oblasti vědy a techniky
|2 Konspekt
|9 24
|
| 080 |
|
|
|a 633
|2 MRF
|
| 080 |
|
|
|a 636
|2 MRF
|
| 080 |
|
|
|a 657.474.5
|2 MRF
|
| 080 |
|
|
|a (062.534)
|2 MRF
|
| 111 |
2 |
|
|a Kalkulace vlastních nákladů rozhodujících komodit RV a ŽV (seminář)
|d (2012 :
|c Žatec, Louny, Česko)
|7 kn20130403001
|
| 245 |
1 |
0 |
|a Kalkulace vlastních nákladů rozhodujících komodit RV a ŽV :
|b sborník ze semináře /
|c Zemědělský svaz ČR ; Jana Poláčková, Jan Boudný [lektoři]
|
| 246 |
3 |
|
|a Sborník ze semináře Kalkulace vlastních nákladů rozhodujících komodit RV a ŽV
|
| 250 |
|
|
|a Vyd. 1.
|
| 260 |
|
|
|a Praha :
|b Institut vzdělávání v zemědělství,
|c 2012
|
| 300 |
|
|
|a 64 s., [6] s. příl. :
|b il. ;
|c 30 cm
|
| 500 |
|
|
|a Seminář se konal 20.11.2012 v Chmelařství, družstvo v Žatci
|
| 500 |
|
|
|a Příloha tištěna napříč
|
| 500 |
|
|
|a 330 výt.
|
| 504 |
|
|
|a Obsahuje bibliografii
|
| 521 |
8 |
|
|a Určeno pro manažery zemědělských podniků
|
| 650 |
0 |
7 |
|a rostlinná výroba
|7 ph116065
|2 czenas
|
| 650 |
0 |
7 |
|a živočišná výroba
|7 ph128041
|2 czenas
|
| 650 |
0 |
7 |
|a kalkulace nákladů
|7 ph166527
|2 czenas
|
| 650 |
0 |
9 |
|a crop production
|2 eczenas
|
| 650 |
0 |
9 |
|a animal industry
|2 eczenas
|
| 650 |
0 |
9 |
|a cost accounting
|2 eczenas
|
| 655 |
|
7 |
|a sborníky konferencí
|7 fd133333
|2 czenas
|
| 655 |
|
9 |
|a proceedings of conferences
|2 eczenas
|
| 700 |
1 |
|
|a Poláčková, Jana,
|d 1950-
|7 mzk2005282445
|4 edt
|
| 700 |
1 |
|
|a Boudný, Jan
|7 uzp2009504081
|4 edt
|
| 710 |
2 |
|
|a Zemědělský svaz České republiky
|7 kn20060517029
|
| 910 |
2 |
|
|a BOA001
|b 4-1324.803
|
| 990 |
|
|
|a BK
|
| 995 |
|
|
|a 01
|
| 991 |
|
|
|b 201406
|c NOV
|e n
|
| 996 |
6 |
|
|b 2610593001
|c 4-1324.803
|l MZK
|r Sklad / do 1 hodiny
|n 2
|p p.v.
|w 001426384
|u 000010
|a 1
|e BOA001
|j MZK50
|s P
|